| 000 | 01757cam a2200421 i 4500 | ||
|---|---|---|---|
| 001 | 323170 | ||
| 003 | EG-GICUC | ||
| 005 | 20260412143711.0 | ||
| 008 | 750106s1991 fr frw 001 0 fre | ||
| 020 | _a9782247003402 | ||
| 035 | _a323170 | ||
| 040 |
_aDLC _cEG-GICUC _dDLCEG-GICUC _bfre _eRda |
||
| 043 | _afr# | ||
| 082 | 0 | 0 |
_a341.5110407 _221 _bB O . G |
| 092 | 0 | 4 |
_221 _a341.5110407 |
| 099 | _aLaw1 11 341.5110407 B O . G 5 ed - 1991 V1 | ||
| 100 | 1 | _aBoulouis, Jean. | |
| 245 | 1 | 0 |
_aGrands arrêts de la Cour de justice des Communautés européennes / _cJean Boulouis, Roger-Michel Chevallier. _nTome 1 |
| 250 | _aEdition 5 | ||
| 300 |
_aV2 , 470 pages; _c22 cm. _billustration ; |
||
| 336 |
_atext _btxt _2rdacontent |
||
| 337 |
_aunmediated _bn _2rdamedia |
||
| 338 |
_avolume _bnc _2rdacarrier |
||
| 500 | _aIncludes various editions of some volumes. | ||
| 504 | _aIncludes bibliographies and indexes. | ||
| 505 | 0 | _a1. Caractères généraux du droit communautaire, droit institutionnel, contrôle juridictionnel.--t. 2. Libre circulation des marchandises, des personnes, des services et des capitaux. Concurrence. Dispositions fiscales. Agriculture. Transports. Politiques économique, commerciale, sociale. | |
| 650 | 0 |
_aLaw reports, digests, etc. _zEuropean Economic Community countries. _2qrmak |
|
| 650 | 0 | _aTribunaux internationaux | |
| 651 | 1 | _2qrmak | |
| 700 | 1 |
_aChevallier, Roger-Michel, _ejoint author. |
|
| 856 | 4 | 0 | _uhttps://fll.law.cu.edu.eg/fulltext/bks/B11-08948.pdf |
| 905 | _a15 | ||
| 906 |
_a7 _bcbc _corignew _d3 _encip _f19 _gy-gencatlg |
||
| 942 |
_2ddc _cBK _e21 _n0 |
||
| 999 |
_c70244 _d70244 |
||